Supplementary cementitous materials to enhance durability of concrete bridge decks (Record no. 605689)
[ view plain ]
| 000 -LEADER | |
|---|---|
| fixed length control field | 00338nam a2200133Ia 4500 |
| 008 - FIXED-LENGTH DATA ELEMENTS--GENERAL INFORMATION | |
| fixed length control field | 231017s9999 xx 000 0 und d |
| 082 ## - DEWEY DECIMAL CLASSIFICATION NUMBER | |
| Classification number | 624.253 |
| 082 ## - DEWEY DECIMAL CLASSIFICATION NUMBER | |
| Author Mark | LAW |
| 245 #0 - TITLE STATEMENT | |
| Title | Supplementary cementitous materials to enhance durability of concrete bridge decks |
| 245 #0 - TITLE STATEMENT | |
| Statement of responsibility, etc. | NCHRP |
| 260 ## - PUBLICATION, DISTRIBUTION, ETC. | |
| Name of publisher, distributor, etc. | NCHRP |
| 300 ## - PHYSICAL DESCRIPTION | |
| Dimensions | 30cm |
| 942 ## - ADDED ENTRY ELEMENTS (KOHA) | |
| Koha item type | Report |
| Withdrawn status | Lost status | Damaged status | Not for loan | Permanent Location | Current Location | Date acquired | Total Checkouts | Full call number | Barcode | Date last seen | Price effective from | Koha item type |
|---|---|---|---|---|---|---|---|---|---|---|---|---|
| School of Civil and Environmental Engineering (SCEE) | School of Civil and Environmental Engineering (SCEE) | 10/17/2023 | 624.253 LAW | NIT-3606 | 10/17/2023 | 10/17/2023 | Report |
